Выбор и проверка элементов электрических станций с применением вероятностных методов; Известия Томского политехнического университета [Известия ТПУ]; Т. 311, № 4 : Энергетика
| Parent link: | Известия Томского политехнического университета [Известия ТПУ]/ Томский политехнический университет (ТПУ).— , 2000- Т. 311, № 4 : Энергетика.— 2007.— [С. 138-141] |
|---|---|
| Päätekijä: | |
| Muut tekijät: | |
| Yhteenveto: | Заглавие с титульного листа Электронная версия печатной публикации Разработаны вероятностные критерии рисков перегрузки и разрушения при обосновании выбранных силовых компонентов электроустановок в условиях эксплуатации и аварийных воздействий. Приведен пример проверки жестких сборных шин Сургутской ГРЭС-1. |
| Kieli: | venäjä |
| Julkaistu: |
2007
|
| Sarja: | Энергетика |
| Aiheet: | |
| Linkit: | http://www.lib.tpu.ru/fulltext/v/Bulletin_TPU/2007/v311/i4/31.pdf |
| Aineistotyyppi: | MixedMaterials Elektroninen Kirjan osa |
| KOHA link: | https://koha.lib.tpu.ru/cgi-bin/koha/opac-detail.pl?biblionumber=172660 |
MARC
| LEADER | 00000nla2a2200000 4500 | ||
|---|---|---|---|
| 001 | 172660 | ||
| 005 | 20231031164335.0 | ||
| 035 | |a (RuTPU)RU\TPU\book\187235 | ||
| 035 | |a RU\TPU\book\187231 | ||
| 090 | |a 172660 | ||
| 100 | |a 20091215d2007 k y0rusy50 ca | ||
| 101 | 0 | |a rus | |
| 102 | |a RU | ||
| 135 | |a drnn ---uucaa | ||
| 181 | 0 | |a i | |
| 182 | 0 | |a b | |
| 200 | 1 | |a Выбор и проверка элементов электрических станций с применением вероятностных методов |b Электронный ресурс |f Л. В. Кривова, А. В. Шмойлов | |
| 203 | |a Текст |c электронный | ||
| 215 | |a 1 файл (297 Кб) | ||
| 225 | 1 | |a Энергетика | |
| 230 | |a Электронные текстовые данные (1 файл : 297 Кб) | ||
| 300 | |a Заглавие с титульного листа | ||
| 300 | |a Электронная версия печатной публикации | ||
| 320 | |a [Библиогр.: с. 141 (2 назв.)] | ||
| 330 | |a Разработаны вероятностные критерии рисков перегрузки и разрушения при обосновании выбранных силовых компонентов электроустановок в условиях эксплуатации и аварийных воздействий. Приведен пример проверки жестких сборных шин Сургутской ГРЭС-1. | ||
| 337 | |a Adobe Reader | ||
| 461 | 1 | |0 (RuTPU)RU\TPU\book\176237 |t Известия Томского политехнического университета [Известия ТПУ] |f Томский политехнический университет (ТПУ) |d 2000- | |
| 463 | 1 | |0 (RuTPU)RU\TPU\book\187129 |x 1684-8519 |t Т. 311, № 4 : Энергетика |v [С. 138-141] |d 2007 |p 158 с. | |
| 610 | 1 | |a элементы | |
| 610 | 1 | |a электрические станции | |
| 610 | 1 | |a вероятностные методы | |
| 610 | 1 | |a риски | |
| 610 | 1 | |a перегрузки | |
| 610 | 1 | |a разрушения | |
| 610 | 1 | |a силовые компоненты | |
| 610 | 1 | |a электроустановки | |
| 610 | 1 | |a эксплуатация | |
| 610 | 1 | |a аварийные воздействия | |
| 610 | 1 | |a жесткие шины | |
| 610 | 1 | |a сборные шины | |
| 610 | 1 | |a труды учёных ТПУ | |
| 610 | 1 | |a электронный ресурс | |
| 700 | 1 | |a Кривова |b Л. В. |c специалист в области электроэнергетики |c доцент Томского политехнического университета, кандидат технических наук |f 1974- |g Людмила Владимировна |2 stltpush |3 (RuTPU)RU\TPU\pers\34778 | |
| 701 | 1 | |a Шмойлов |b А. В. |c специалист в области электроэнергетики |c доцент Томского политехнического университета, кандидат технических наук |f 1939- |g Анатолий Васильевич |2 stltpush |3 (RuTPU)RU\TPU\pers\26025 | |
| 801 | 1 | |a RU |b 63413507 |c 20090623 |g PSBO | |
| 801 | 2 | |a RU |b 63413507 |c 20211116 |g PSBO | |
| 856 | 4 | |u http://www.lib.tpu.ru/fulltext/v/Bulletin_TPU/2007/v311/i4/31.pdf | |
| 942 | |c CF | ||